[Event "Titled Tuesday intern op 06th Feb Early"]
[Site "Chess.com INT"]
[Date "2024.02.06"]
[Round "1"]
[White "Skotheim, Andreas"]
[Black "Selbes, Tarik"]
[Result "1-0"]
[WhiteElo "2209"]
[BlackElo "2219"]
[PlyCount "99"]
[EventDate "2024.02.06"]
[EventType "swiss (blitz)"]
[EventRounds "11"]
[EventCountry "USA"]
[SourceTitle "CB07_2024"]
[SourceDate "2024.02.14"]
[SourceVersion "1"]
[SourceVersionDate "2024.02.14"]
[SourceQuality "1"]

1. Nf3 Nf6 2. b3 g6 3. Bb2 Bg7 4. g3 0-0 5. Bg2 d6 6. d4 c5 7. 0-0 Nc6 8. d5 Nb4 9. c4 Bf5 10. Nbd2 b5 11. a3 Nc2 12. Rc1 bxc4 13. Nxc4 Rb8 14. Rxc2 Bxc2 15. Qxc2 Nxd5 16. Bxg7 Kxg7 17. Rd1 Nb6 18. Ne3 Qc7 19. h4 h5 20. Ng5 Rbe8 21. Be4 e6 22. Qc3+ Kg8 23. Qf6 Nd7 24. Qf4 f5 25. Qxd6 Qxd6 26. Rxd6 fxe4 27. Rxd7 Rb8 28. Nxe6 Rf7 29. Rxf7 Kxf7 30. Nxc5 a5 31. Nd5 Rb5 32. b4 axb4 33. axb4 Rb8 34. Nxe4 Ke6 35. Nec3 Ke5 36. Kg2 Kd4 37. e3+ Kc4 38. b5 Kc5 39. b6 Kc6 40. e4 Ra8 41. Ne2 Ra4 42. Kf3 Ra3+ 43. Kf4 Ra2 44. Ke3 Rb2 45. Nd4+ Kb7 46. Ne6 Rb3+ 47. Kf4 Rb2 48. f3 Rg2 49. Nc5+ Kb8 50. Ne7 1-0

[Event "Krakow op-A 34th"]
[Site "Krakow"]
[Date "2024.01.02"]
[Round "7"]
[White "Selbes, Tarik"]
[Black "Kowalczyk, Pawel"]
[Result "1/2-1/2"]
[WhiteElo "2185"]
[BlackElo "2295"]
[PlyCount "237"]
[EventDate "2023.12.27"]
[EventType "swiss"]
[EventRounds "9"]
[EventCountry "POL"]
[SourceTitle "CB02_2024"]
[SourceDate "2024.01.10"]
[SourceVersion "1"]
[SourceVersionDate "2024.01.10"]
[SourceQuality "1"]

1. e4 c5 2. Nc3 Nc6 3. Bb5 g6 4. Bxc6 dxc6 5. d3 Bg7 6. f4 c4 7. Nf3 cxd3 8. cxd3 Nf6 9. 0-0 0-0 10. h3 c5 11. Be3 b6 12. g4 Ba6 13. Ne5 Ne8 14. Rf3 Nc7 15. Qa4 Qe8 16. b4 Qxa4 17. Nxa4 f6 18. Nc6 Bb5 19. Nxe7+ Kf7 20. Nc3 Kxe7 21. Nxb5 Nxb5 22. bxc5 f5 23. Rb1 Nc3 24. Rb3 Ne2+ 25. Kg2 Nd4 26. cxb6 Nxb3 27. b7 Rab8 28. axb3 Kd7 29. gxf5 gxf5 30. Rg3 Rf7 31. e5 Rxb7 32. d4 Ke6 33. Bf2 Bh6 34. d5+ Kxd5 35. Rd3+ Kc6 36. Rd6+ Kb5 37. Rxh6 Kb4 38. Kf3 Kxb3 39. Bh4 Rfc7 40. e6 Rc3+ 41. Kg2 Rc2+ 42. Kf1 Rc1+ 43. Kg2 Rg7+ 44. Kf2 Rc2+ 45. Kf1 Rc4 46. Bg5 Rc1+ 47. Kf2 Rc2+ 48. Kf1 Rgc7 49. e7 Rh2 50. e8Q Rc1+ 51. Qe1 Rh1+ 52. Kf2 Rhxe1 53. Rxh7 a5 54. Rb7+ Ka4 55. Rf7 Rf1+ 56. Ke2 Rh1 57. Rxf5 Rc3 58. Rd5 Rh2+ 59. Kd1 Rg3 60. Rd2 Rxd2+ 61. Kxd2 Rxh3 62. Bd8 Kb4 63. Be7+ Kb3 64. f5 Rf3 65. f6 a4 66. Ke2 Rf5 67. Ke3 a3 68. Ke4 Rf1 69. Bxa3 Rxf6 70. Bc5 Kc4 71. Bd4 Re6+ 72. Be5 Kc5 73. Kf4 Kd5 74. Bg7 Re7 75. Bb2 Rb7 76. Bc3 Rf7+ 77. Ke3 Rh7 78. Bf6 Rh1 79. Bg7 Re1+ 80. Kf3 Ke6 81. Bd4 Kf5 82. Bf2 Re8 83. Be3 Rb8 84. Bd4 Rb3+ 85. Be3 Ra3 86. Kf2 Ke4 87. Bc5 Rf3+ 88. Kg2 Kf4 89. Bb6 Kg4 90. Bf2 Ra3 91. Bd4 Ra2+ 92. Kh1 Kf3 93. Bc5 Rc2 94. Bd4 Rd2 95. Bb6 Rd1+ 96. Bg1 Rb1 97. Kh2 Rb2+ 98. Kh1 Kg3 99. Bc5 Rd2 100. Bb6 Rd7 101. Bc5 Rd1+ 102. Bg1 Rd5 103. Bh2+ Kf2 104. Bg1+ Kf1 105. Bh2 Rg5 106. Bf4 Rg7 107. Be5 Rf7 108. Bd6 Rd7 109. Bh2 Kf2 110. Bg1+ Kf3 111. Bh2 Rh7 112. Kg1 Rg7+ 113. Kh1 Kf2 114. Be5 Rg1+ 115. Kh2 Rd1 116. Bg3+ Kf3 117. Bc7 Rd2+ 118. Kh1 Rh2+ 119. Kxh2 1/2-1/2

[Event "Krakow op-A 34th"]
[Site "Krakow"]
[Date "2023.12.29"]
[Round "3"]
[White "Selbes, Tarik"]
[Black "Zarnowski, Krzysztof"]
[Result "1/2-1/2"]
[WhiteElo "2185"]
[BlackElo "2114"]
[PlyCount "179"]
[EventDate "2023.12.27"]
[EventType "swiss"]
[EventRounds "9"]
[EventCountry "POL"]
[SourceTitle "CB02_2024"]
[SourceDate "2024.01.10"]
[SourceVersion "1"]
[SourceVersionDate "2024.01.10"]
[SourceQuality "1"]

1. Nf3 d5 2. c4 c6 3. g3 Nf6 4. Bg2 Bf5 5. 0-0 e6 6. d4 h6 7. Nc3 Nbd7 8. cxd5 exd5 9. Ne5 Be7 10. Qb3 Qb6 11. Nxd7 Bxd7 12. Qxb6 axb6 13. f3 b5 14. e4 b4 15. Ne2 dxe4 16. fxe4 Be6 17. Nf4 Bc4 18. Re1 Rxa2 19. Rxa2 Bxa2 20. Bd2 Bc4 21. Rc1 Bb5 22. e5 Nd7 23. e6 Nf6 24. d5 c5 25. Re1 Bd6 26. h4 g5 27. hxg5 hxg5 28. Nh3 Bxg3 29. Ra1 Ke7 30. Bxg5 Be5 31. Be3 b6 32. Ra7+ Kd6 33. Ng5 Bh2+ 34. Kf2 Ng4+ 35. Ke1 Bg3+ 36. Kd2 Ne5 37. Ne4+ Kxd5 38. Nxg3+ Kxe6 39. Bf1 Rh2+ 40. Kd1 Bxf1 41. Nxf1 Rxb2 42. Ra6 Kd5 43. Rxb6 c4 44. Rb5+ Ke6 45. Bd4 Rb1+ 46. Ke2 Nc6 47. Bg7 f6 48. Rb6 Rb2+ 49. Ke1 Kd6 50. Bxf6 c3 51. Ne3 Kc5 52. Ra6 Rb1+ 53. Ke2 Rb2+ 54. Kd1 Rf2 55. Bg7 Rf7 56. Bh8 Rf8 57. Bg7 Rg8 58. Nf5 Rd8+ 59. Kc1 Kb5 60. Ra1 Rd5 61. Ne3 Rg5 62. Bf6 Rg6 63. Bh8 Rg1+ 64. Nd1 Na5 65. Kc2 Rg2+ 66. Kd3 Rd2+ 67. Ke4 c2 68. Ne3 Nb3 69. Nxc2 Nxa1 70. Nxa1 Kc4 71. Ke3 Ra2 72. Bg7 Rg2 73. Bf6 Ra2 74. Bg7 Ra7 75. Bf6 b3 76. Kd2 Rf7 77. Be5 Rf5 78. Bg7 Rf2+ 79. Kc1 Rf1+ 80. Kb2 Rf2+ 81. Kb1 Kb4 82. Be5 Re2 83. Bg7 Ka3 84. Bf8+ Ka4 85. Bg7 Kb4 86. Bf8+ Kc3 87. Bg7+ Kc4 88. Kc1 b2+ 89. Bxb2 Rxb2 90. Kxb2 1/2-1/2

[Event "Sant Boi de Llobregat op 4th"]
[Site "Sant Boi de Llobregat"]
[Date "2023.12.06"]
[Round "7"]
[White "Golubka, Petr"]
[Black "Selbes, Tarik"]
[Result "1/2-1/2"]
[WhiteElo "2440"]
[BlackElo "2238"]
[PlyCount "146"]
[EventDate "2023.11.30"]
[EventType "swiss"]
[EventRounds "9"]
[EventCountry "ESP"]
[SourceTitle "CB50_2023"]
[SourceDate "2023.12.13"]
[SourceVersion "1"]
[SourceVersionDate "2023.12.13"]
[SourceQuality "1"]

1. e4 e5 2. Nf3 Nc6 3. d4 exd4 4. Nxd4 Bc5 5. Nb3 Bb6 6. Nc3 Nge7 7. Nd5 Nxd5 8. exd5 Ne5 9. d6 0-0 10. Be2 cxd6 11. 0-0 d5 12. Qxd5 d6 13. Bf4 Re8 14. Bg3 a5 15. Rad1 a4 16. Nd4 Ra5 17. Nb5 Bd7 18. c4 Bc5 19. Nxd6 Bxf2+ 20. Rxf2 Rxd5 21. Rxd5 Ng4 22. Nxe8 Nxf2 23. Nd6 Nh3+ 24. gxh3 Qb6+ 25. Bf2 Qxb2 26. Bh5 Qc1+ 27. Rd1 Qg5+ 28. Bg4 h5 29. Nxf7 Kxf7 30. Rxd7+ Ke8 31. Rd5 Qc1+ 32. Bd1 Qxc4 33. Bxh5+ Ke7 34. Re5+ Kf6 35. Re2 b5 36. Bg4 b4 37. Bg3 Qd4+ 38. Kg2 b3 39. axb3 axb3 40. Bh4+ g5 41. Bf2 Qc3 42. Re6+ Kf7 43. Re3 Qc6+ 44. Bf3 Qb5 45. Bh5+ Kf6 46. Be2 Qb7+ 47. Bf3 Qb4 48. Re4 Qd2 49. Re2 Qb4 50. Be1 Qc4 51. Ba5 Qd4 52. Rd2 Qc5 53. Bd8+ Kg7 54. Rd7+ Kf8 55. Be7+ Qxe7 56. Rxe7 Kxe7 57. Be4 b2 58. Bb1 Kf8 59. Kg3 Kg8 60. Kg4 Kh8 61. Kh5 Kg7 62. Ba2 b1Q 63. Bxb1 Kh8 64. Kg6 Kg8 65. Bf5 Kh8 66. Kf6 Kg8 67. Ke7 Kh8 68. Bg6 Kg7 69. Ke8 Kxg6 70. Kf8 Kh5 71. Kg7 Kh4 72. Kg6 Kxh3 73. Kxg5 Kxh2 1/2-1/2

[Event "Sant Boi de Llobregat op 4th"]
[Site "Sant Boi de Llobregat"]
[Date "2023.12.01"]
[Round "2"]
[White "Selbes, Tarik"]
[Black "Vaishali, Ramesh Babu"]
[Result "0-1"]
[WhiteElo "2238"]
[BlackElo "2497"]
[PlyCount "78"]
[EventDate "2023.11.30"]
[EventType "swiss"]
[EventRounds "9"]
[EventCountry "ESP"]
[SourceTitle "CB50_2023"]
[SourceDate "2023.12.13"]
[SourceVersion "1"]
[SourceVersionDate "2023.12.13"]
[SourceQuality "1"]

1. Nf3 Nf6 2. g3 b6 3. Bg2 Bb7 4. d4 g6 5. c4 Bg7 6. 0-0 0-0 7. Nc3 Ne4 8. Qd3 Nxc3 9. bxc3 Nc6 10. c5 Na5 11. e4 bxc5 12. Qb5 c6 13. Qxc5 d6 14. Qa3 c5 15. Re1 cxd4 16. cxd4 Nc4 17. Qb4 Ba6 18. Bg5 Rb8 19. Qa4 Bb5 20. Qxa7 Qc8 21. Rab1 Rb7 22. Qxb7 Qxb7 23. a4 h6 24. Rxb5 Qa7 25. Be3 Qxa4 26. Rb7 Nxe3 27. fxe3 e6 28. Reb1 Qc2 29. Ne1 Qd2 30. R7b3 Ra8 31. e5 Ra2 32. exd6 Qf2+ 33. Kh1 Re2 34. h3 Rxe1+ 35. Rxe1 Qxe1+ 36. Kh2 Bf6 37. Rb8+ Kg7 38. d7 Qa5 39. e4 Qc7 0-1

[Event "Mersin op 7th"]
[Site "Mersin"]
[Date "2023.11.16"]
[Round "7"]
[White "Selbes, Tarik"]
[Black "Dogan, Nazmi Can"]
[Result "0-1"]
[WhiteElo "2238"]
[BlackElo "2277"]
[PlyCount "60"]
[EventDate "2023.11.12"]
[EventType "swiss"]
[EventRounds "9"]
[EventCountry "TUR"]
[SourceTitle "CB47_2023"]
[SourceDate "2023.11.22"]
[SourceVersion "1"]
[SourceVersionDate "2023.11.22"]
[SourceQuality "1"]

1. d4 Nf6 2. Nf3 d6 3. g3 Nbd7 4. Bg2 e5 5. 0-0 Be7 6. b3 c6 7. dxe5 dxe5 8. Bb2 Qc7 9. Na3 0-0 10. Nc4 e4 11. Ng5 b5 12. Ne3 Nc5 13. c4 h6 14. Nh3 b4 15. Qc2 Bd7 16. Kh1 Rfe8 17. f3 Qc8 18. Nf2 exf3 19. exf3 a5 20. Nfg4 Nh7 21. a3 bxa3 22. Rxa3 h5 23. Ne5 Bf6 24. f4 Bh3 25. Bd4 Bxg2+ 26. Kxg2 Nd7 27. Qb2 Qc7 28. Nf5 Nxe5 29. fxe5 Bxe5 30. Nxg7 Kxg7 0-1

[Event "POL-chT 2nd League"]
[Site "Jastrzebia Gora"]
[Date "2023.09.06"]
[Round "5.51"]
[White "Selbes, Tarik"]
[Black "Wozniak, Maciej"]
[Result "1-0"]
[WhiteElo "2225"]
[BlackElo "1999"]
[PlyCount "93"]
[EventDate "2023.09.02"]
[EventType "team-swiss"]
[EventRounds "9"]
[EventCountry "POL"]
[SourceTitle "EXT 2024"]
[Source "ChessBase"]
[SourceDate "2023.10.10"]
[SourceVersion "1"]
[SourceVersionDate "2023.10.10"]
[SourceQuality "1"]
[WhiteTeam "Lipno Steszew"]
[BlackTeam "Rzeszow Szachownica"]
[WhiteTeamCountry "POL"]
[BlackTeamCountry "POL"]

1. e4 c5 2. Nf3 g6 3. c3 d5 4. exd5 Qxd5 5. d4 Bg7 6. Be3 Nf6 7. h3 cxd4 8. cxd4 0-0 9. Nc3 Qa5 10. Bc4 Ne4 11. 0-0 Nxc3 12. bxc3 Qxc3 13. Rc1 Qa3 14. Re1 Nd7 15. Bg5 Nf6 16. Ne5 e6 17. Bb3 Qd6 18. Qf3 Nd5 19. Ng4 f6 20. Rxc8 Raxc8 21. Rxe6 Qb8 22. Bd2 Nc7 23. Rb6+ Kh8 24. Rxb7 Qa8 25. Bf4 Ne8 26. Bd5 Rd8 27. Bh6 Qc8 28. Bf4 a5 29. Ne3 g5 30. Bg3 f5 31. Be5 Rd7 32. Rxd7 Qxd7 33. Bc6 Qe6 34. Bd5 Qg6 35. g4 f4 36. Nf5 Bxe5 37. dxe5 Qb6 38. Qc3 Qb1+ 39. Kg2 Qb4 40. Qa1 f3+ 41. Bxf3 h5 42. e6+ Kh7 43. Qe5 Qf4 44. Qc5 hxg4 45. hxg4 Kg8 46. Qe7 Qc7 47. Nh6+ 1-0

[Event "POL-chT 2nd League"]
[Site "Jastrzebia Gora"]
[Date "2023.09.04"]
[Round "3.99"]
[White "Selbes, Tarik"]
[Black "Kossobudzki, Robert"]
[Result "1-0"]
[WhiteElo "2225"]
[BlackElo "1965"]
[PlyCount "113"]
[EventDate "2023.09.02"]
[EventType "team-swiss"]
[EventRounds "9"]
[EventCountry "POL"]
[SourceTitle "EXT 2024"]
[Source "ChessBase"]
[SourceDate "2023.10.10"]
[SourceVersion "1"]
[SourceVersionDate "2023.10.10"]
[SourceQuality "1"]
[WhiteTeam "Lipno Steszew"]
[BlackTeam "Olesnica Pogon"]
[WhiteTeamCountry "POL"]
[BlackTeamCountry "POL"]

1. Nf3 b5 2. g3 Bb7 3. Bg2 Nf6 4. 0-0 e6 5. d3 Bc5 6. e4 d5 7. exd5 Nxd5 8. Ng5 Nc6 9. c4 bxc4 10. dxc4 Nde7 11. Qa4 0-0 12. Qb5 Bb6 13. c5 h6 14. cxb6 hxg5 15. bxc7 Qxc7 16. Bxg5 Rab8 17. Qc5 f6 18. Be3 Rfc8 19. Nc3 Ne5 20. Qxc7 Rxc7 21. Bxa7 Ra8 22. Bb6 Rd7 23. Rfd1 Bxg2 24. Kxg2 Rb7 25. Bc5 N7c6 26. b3 Nd7 27. Be3 Nb4 28. Rd2 Ra6 29. Rad1 Ne5 30. Rd6 Kf7 31. Rxa6 Nxa6 32. Ne4 Rc7 33. a3 Rc6 34. b4 Nc7 35. Bc5 Nd5 36. b5 Rc7 37. b6 Rc6 38. b7 Nd7 39. Bd4 Nb8 40. Ba7 Nd7 41. b8Q Nxb8 42. Bxb8 Rc2 43. Rd3 Ke7 44. Bd6+ Kd7 45. Bf8 f5 46. Nc5+ Ke8 47. Nxe6 Kf7 48. Rxd5 Kxe6 49. Ra5 g5 50. h3 Rc3 51. g4 fxg4 52. hxg4 Kf6 53. Rf5+ Kg6 54. Be7 Rc4 55. Kg3 Rc3+ 56. f3 Rc1 57. Bxg5 1-0

[Event "TUR-chT"]
[Site "Ankara"]
[Date "2023.07.15"]
[Round "6.1"]
[White "Yurtseven, Melih"]
[Black "Selbes, Tarik"]
[Result "1-0"]
[WhiteElo "2329"]
[BlackElo "2245"]
[PlyCount "93"]
[EventDate "2023.07.10"]
[EventType "team-tourn"]
[EventRounds "11"]
[EventCountry "TUR"]
[SourceTitle "EXT 2024"]
[Source "ChessBase"]
[SourceDate "2023.10.10"]
[SourceVersion "1"]
[SourceVersionDate "2023.10.10"]
[SourceQuality "1"]
[WhiteTeam "Deniz Su Aquamatch"]
[BlackTeam "Tas Duvar"]
[WhiteTeamCountry "TUR"]
[BlackTeamCountry "TUR"]

1. e4 e5 2. Nf3 Nc6 3. Bb5 a6 4. Ba4 Nge7 5. 0-0 g6 6. c3 Bg7 7. d4 b5 8. Bb3 exd4 9. cxd4 Na5 10. Bc2 d6 11. Re1 0-0 12. Nbd2 c5 13. d5 h6 14. Nf1 Nc4 15. Rb1 Bg4 16. N1d2 Nxd2 17. Bxd2 g5 18. h3 Bxf3 19. Qxf3 Ng6 20. g3 Bd4 21. Kg2 Kg7 22. Rf1 Qe7 23. Qh5 Rh8 24. b3 Rag8 25. Kh2 Kf8 26. Rbe1 Qe5 27. Re2 Qg7 28. Qg4 Ke7 29. e5 dxe5 30. b4 h5 31. Qxg5+ Kd6 32. bxc5+ Bxc5 33. Bxg6 Qxg6 34. Qxe5+ Kd7 35. d6 Bxd6 36. Qd5 h4 37. Qb7+ Bc7 38. Bf4 hxg3+ 39. fxg3 Rxh3+ 40. Kxh3 Qh5+ 41. Kg2 Qxe2+ 42. Rf2 Qc4 43. Rd2+ Ke6 44. Bxc7 Kf5 45. Qf3+ Kg6 46. Be5 f5 47. Rd6+ 1-0

[Event "TUR-chT"]
[Site "Ankara"]
[Date "2023.07.10"]
[Round "1.1"]
[White "Akbas, Umut Ata"]
[Black "Selbes, Tarik"]
[Result "1-0"]
[WhiteElo "2401"]
[BlackElo "2245"]
[PlyCount "61"]
[EventDate "2023.07.10"]
[EventType "team-tourn"]
[EventRounds "11"]
[EventCountry "TUR"]
[SourceTitle "EXT 2024"]
[Source "ChessBase"]
[SourceDate "2023.10.10"]
[SourceVersion "1"]
[SourceVersionDate "2023.10.10"]
[SourceQuality "1"]
[WhiteTeam "Apaydin"]
[BlackTeam "Tas Duvar"]
[WhiteTeamCountry "TUR"]
[BlackTeamCountry "TUR"]

1. d4 Nf6 2. c4 e6 3. Nf3 c5 4. d5 d6 5. Nc3 exd5 6. cxd5 g6 7. e4 a6 8. a4 Bg4 9. Be2 Bxf3 10. Bxf3 Nbd7 11. 0-0 Bg7 12. Bf4 Qe7 13. Qd2 0-0 14. Rae1 Rab8 15. Be2 Rfc8 16. b3 b5 17. axb5 axb5 18. Nxb5 Ne5 19. Bc4 Re8 20. Bg5 Qd7 21. Bxf6 Bxf6 22. f4 Nxc4 23. bxc4 Ra8 24. Rf2 Ra4 25. Qc2 Rb4 26. Rfe2 Qg4 27. Nxd6 Bd4+ 28. Kh1 Reb8 29. Nb5 Qxf4 30. e5 Rb2 31. Qd1 1-0

[Event "EU-ch 23rd"]
[Site "Vrnjacka Banja"]
[Date "2023.03.09"]
[Round "7"]
[White "Andreev, Stanislav"]
[Black "Selbes, Tarik"]
[Result "0-1"]
[WhiteElo "2016"]
[BlackElo "2255"]
[PlyCount "80"]
[EventDate "2023.03.03"]
[EventType "swiss"]
[EventRounds "11"]
[EventCountry "SRB"]
[SourceTitle "CBM 213"]
[Source "ChessBase"]
[SourceDate "2023.04.30"]
[SourceVersion "1"]
[SourceVersionDate "2023.04.30"]
[SourceQuality "1"]

1. d4 Nf6 2. c4 e6 3. Nc3 Bb4 4. g3 0-0 5. Bg2 d5 6. Nf3 c5 7. cxd5 Nxd5 8. Bd2 Nc6 9. dxc5 Nxc3 10. bxc3 Bxc5 11. 0-0 e5 12. Qc2 f6 13. Rab1 Qe7 14. Nh4 Rd8 15. Be4 g6 16. Bh6 f5 17. Bh1 e4 18. Qc1 Qf7 19. Bg5 Re8 20. Be3 Bxe3 21. Qxe3 Be6 22. Ng2 Bxa2 23. Rb2 Ne5 24. Qd4 b6 25. Ra1 Bc4 26. Qe3 Rad8 27. Qh6 Rd7 28. Ne3 Red8 29. Bg2 Be6 30. f3 exf3 31. Bxf3 Nxf3+ 32. exf3 Qg7 33. Qxg7+ Kxg7 34. c4 Rc8 35. Rc2 Rc5 36. Rca2 Rcc7 37. Rc2 g5 38. Ra4 Kf6 39. f4 gxf4 40. gxf4 Rd4 0-1

[Event "EU-ch 23rd"]
[Site "Vrnjacka Banja"]
[Date "2023.03.07"]
[Round "5"]
[White "Czerw, Dawid"]
[Black "Selbes, Tarik"]
[Result "1/2-1/2"]
[WhiteElo "2404"]
[BlackElo "2255"]
[PlyCount "65"]
[EventDate "2023.03.03"]
[EventType "swiss"]
[EventRounds "11"]
[EventCountry "SRB"]
[SourceTitle "CBM 213"]
[Source "ChessBase"]
[SourceDate "2023.04.30"]
[SourceVersion "1"]
[SourceVersionDate "2023.04.30"]
[SourceQuality "1"]

1. e4 e5 2. Nf3 Nc6 3. Bb5 a6 4. Ba4 Nf6 5. 0-0 Be7 6. Re1 b5 7. Bb3 0-0 8. a4 Rb8 9. axb5 axb5 10. c3 d6 11. h3 Be6 12. Bxe6 fxe6 13. d3 Nh5 14. g3 Qe8 15. Nbd2 Qg6 16. Nf1 Rf7 17. N3h2 Nf4 18. Bxf4 exf4 19. Ra6 fxg3 20. fxg3 Ne5 21. d4 Bh4 22. Kh1 Bxg3 23. Nxg3 Qxg3 24. Rg1 Qxh3 25. dxe5 Rf2 26. Rxg7+ Kh8 27. Qg1 Rxh2+ 28. Qxh2 Qxh2+ 29. Kxh2 Kxg7 30. Ra7 dxe5 31. Rxc7+ Kg6 32. b4 Kg5 33. Kg3 1/2-1/2

[Event "Titled Tuesday intern op 17th Jan Early"]
[Site "Chess.com INT"]
[Date "2023.01.17"]
[Round "1"]
[White "Selbes, Tarik"]
[Black "Indjic, Aleksandar"]
[Result "0-1"]
[WhiteElo "2255"]
[BlackElo "2641"]
[PlyCount "54"]
[EventDate "2023.01.17"]
[EventType "swiss (blitz)"]
[EventRounds "11"]
[EventCountry "USA"]
[SourceTitle "CBM 212 Extra"]
[Source "ChessBase"]
[SourceDate "2023.03.31"]
[SourceVersion "1"]
[SourceVersionDate "2023.03.31"]
[SourceQuality "1"]

1. d4 d5 2. c4 dxc4 3. e3 e5 4. Bxc4 Nc6 5. Nf3 e4 6. Nfd2 Qg5 7. Kf1 Nf6 8. Nc3 Qg6 9. a3 a6 10. Qc2 Bf5 11. h3 h5 12. Nd5 Bd6 13. Nxf6+ gxf6 14. Bd5 Rg8 15. Bxe4 Ne7 16. g3 0-0-0 17. Bxf5+ Nxf5 18. Ne4 Kb8 19. Qe2 Nxd4 20. exd4 Rde8 21. Qf3 Rxe4 22. Be3 f5 23. Re1 h4 24. gxh4 Rxh4 25. Ke2 f4 26. Bd2 Qc2 27. Rd1 Rh6 0-1

[Event "TUR-chT"]
[Site "Ankara"]
[Date "2022.08.19"]
[Round "4.5"]
[White "Yilmaz, Mustafa"]
[Black "Selbes, Tarik"]
[Result "1-0"]
[WhiteElo "2634"]
[BlackElo "2255"]
[PlyCount "201"]
[EventDate "2022.08.16"]
[EventType "team-tourn"]
[EventRounds "13"]
[EventCountry "TUR"]
[SourceTitle "CBM 209 Extra"]
[Source "ChessBase"]
[SourceDate "2022.09.30"]
[SourceVersion "1"]
[SourceVersionDate "2022.09.30"]
[SourceQuality "1"]
[WhiteTeam "Gokturk"]
[BlackTeam "Tas Duvar"]
[WhiteTeamCountry "TUR"]
[BlackTeamCountry "TUR"]

1. d4 Nf6 2. c4 g6 3. Nc3 Bg7 4. e4 d6 5. Nf3 0-0 6. Be2 e5 7. 0-0 Nc6 8. d5 Ne7 9. b4 a5 10. bxa5 Rxa5 11. a4 Nd7 12. Nd2 Nc5 13. Nb3 Nxb3 14. Qxb3 c5 15. Bd2 f5 16. Rfb1 Ra6 17. Qd1 Kh8 18. Ra3 Ng8 19. exf5 gxf5 20. f4 Ne7 21. Bh5 Ng6 22. Ne2 Nxf4 23. Nxf4 exf4 24. Bxf4 Qh4 25. g3 Qf6 26. a5 Qd8 27. Qe1 b6 28. Rxb6 Rxb6 29. axb6 Qxb6 30. Ra8 Bd7 31. Rxf8+ Bxf8 32. Qa1+ Kg8 33. Qf6 Qb1+ 34. Kf2 Qc2+ 35. Be2 Qe4 36. Bxd6 Bg7 37. Qd8+ Be8 38. Bxc5 f4 39. Qh4 Bd4+ 40. Bxd4 Qxd4+ 41. Kf1 Bg6 42. Qxf4 Be4 43. d6 Qa1+ 44. Kf2 Qd4+ 45. Qe3 Qf6+ 46. Bf3 Qb2+ 47. Qe2 Qd4+ 48. Kg2 Bxf3+ 49. Qxf3 Qd2+ 50. Kf1 Qc1+ 51. Kf2 Qd2+ 52. Qe2 Qxd6 53. Qg4+ Kh8 54. Qf4 Qb6+ 55. Kg2 Qc6+ 56. Kh3 Qe6+ 57. g4 Kg7 58. Qg5+ Kh8 59. Qd8+ Kg7 60. Qd4+ Kg6 61. Qd3+ Kg7 62. c5 h5 63. Qc3+ Kg6 64. Qc2+ Kg7 65. Qb2+ Kh7 66. Qb7+ Kg8 67. Qb8+ Kh7 68. Qc7+ Kg8 69. Qd8+ Kh7 70. Qd3+ Kg7 71. Qf3 Qe5 72. Qb7+ Kf8 73. Qc8+ Ke7 74. Qb7+ Kf8 75. Qf3+ Kg7 76. c6 hxg4+ 77. Qxg4+ Kf6 78. Qf3+ Ke7 79. Qa3+ Ke6 80. Qb3+ Kf6 81. Qc4 Qe3+ 82. Kg2 Qd2+ 83. Kg1 Qe3+ 84. Kg2 Qd2+ 85. Kg3 Qe3+ 86. Kg4 Qg1+ 87. Kf3 Qxh2 88. c7 Qh3+ 89. Ke4 Qf5+ 90. Ke3 Qh3+ 91. Kd4 Qc8 92. Qc6+ Ke7 93. Kc5 Qf5+ 94. Kb6 Qb1+ 95. Ka7 Qa1+ 96. Kb7 Qb1+ 97. Qb6 Qe4+ 98. Kb8 Qe5 99. Qb4+ Kd7 100. Qd2+ Kc6 101. Qc3+ 1-0

[Event "TUR Cup"]
[Site "Adapazari"]
[Date "2022.03.31"]
[Round "10"]
[White "Yurtseven, Melih"]
[Black "Selbes, Tarik"]
[Result "1-0"]
[WhiteElo "2388"]
[BlackElo "2287"]
[PlyCount "82"]
[EventDate "2022.03.25"]
[EventType "swiss"]
[EventRounds "11"]
[EventCountry "TUR"]
[SourceTitle "EXT 2023"]
[Source "ChessBase"]
[SourceDate "2022.10.05"]
[SourceVersion "1"]
[SourceVersionDate "2022.10.05"]
[SourceQuality "1"]

1. Nf3 Nf6 2. g3 g6 3. Bg2 Bg7 4. c4 0-0 5. 0-0 d6 6. Nc3 Nc6 7. d3 e5 8. Rb1 a5 9. a3 Nd4 10. Bg5 h6 11. Bxf6 Bxf6 12. b4 axb4 13. axb4 Bg7 14. b5 Bg4 15. Nxd4 exd4 16. Nd5 Ra2 17. Re1 Re8 18. Bf1 Qd7 19. Ra1 Rxa1 20. Qxa1 c6 21. Nb6 Qd8 22. Qa5 Re5 23. h3 Bd7 24. Qa7 cxb5 25. Qxb7 Be6 26. Ra1 Kh7 27. Ra8 Qf6 28. Qb8 h5 29. Qxd6 bxc4 30. Nxc4 Rf5 31. f4 Rb5 32. Nd2 Bd5 33. Qxf6 Bxf6 34. Ra6 Kg7 35. Bg2 Be6 36. Ne4 Bd8 37. Kf2 Ba5 38. Ng5 Bb3 39. Bc6 Rf5 40. Bd7 Rd5 41. Ra7 Rc5 1-0

[Event "TUR Cup"]
[Site "Adapazari"]
[Date "2022.03.30"]
[Round "8"]
[White "Kilic, Eray"]
[Black "Selbes, Tarik"]
[Result "1/2-1/2"]
[WhiteElo "2088"]
[BlackElo "2287"]
[PlyCount "87"]
[EventDate "2022.03.25"]
[EventType "swiss"]
[EventRounds "11"]
[EventCountry "TUR"]
[SourceTitle "EXT 2023"]
[Source "ChessBase"]
[SourceDate "2022.10.05"]
[SourceVersion "1"]
[SourceVersionDate "2022.10.05"]
[SourceQuality "1"]

1. e4 e5 2. Nf3 Nc6 3. Bb5 g6 4. 0-0 Bg7 5. c3 a6 6. Ba4 d6 7. h3 Nf6 8. Re1 0-0 9. d4 b5 10. Bb3 Bb7 11. Nbd2 Re8 12. d5 Ne7 13. Nf1 h6 14. Ne3 c6 15. Ng4 Nxg4 16. hxg4 cxd5 17. exd5 Qd7 18. g5 h5 19. a4 Rec8 20. axb5 axb5 21. Rxa8 Rxa8 22. Qd3 Nf5 23. Nd2 Ra1 24. Ne4 Ba6 25. Bd2 Rxe1+ 26. Bxe1 Qc8 27. Kh2 Bf8 28. Nf6+ Kg7 29. Qh3 b4 30. g4 bxc3 31. bxc3 Ne7 32. Bd2 Be2 33. gxh5 Qxh3+ 34. Kxh3 gxh5 35. Ne8+ Kg6 36. Nxd6 Nxd5 37. Nxf7 Nf4+ 38. Kg3 Nd3 39. Bc4 e4 40. Ne5+ Kf5 41. f4 Bd6 42. Bxd3 exd3 43. c4 Bxe5 44. fxe5 1/2-1/2

[Event "TUR Cup"]
[Site "Adapazari"]
[Date "2022.03.28"]
[Round "6"]
[White "Ibik, Halit Yavuz"]
[Black "Selbes, Tarik"]
[Result "1/2-1/2"]
[WhiteElo "1990"]
[BlackElo "2287"]
[PlyCount "81"]
[EventDate "2022.03.25"]
[EventType "swiss"]
[EventRounds "11"]
[EventCountry "TUR"]
[SourceTitle "EXT 2023"]
[Source "ChessBase"]
[SourceDate "2022.10.05"]
[SourceVersion "1"]
[SourceVersionDate "2022.10.05"]
[SourceQuality "1"]

1. e4 Nc6 2. Nf3 d6 3. d4 Nf6 4. Nc3 g6 5. g3 Bg7 6. Bg2 0-0 7. h3 e5 8. Be3 a6 9. a4 b6 10. 0-0 Bb7 11. Re1 Re8 12. b3 exd4 13. Nxd4 Nxd4 14. Bxd4 c5 15. Bxf6 Bxf6 16. Qd2 Be5 17. Rad1 b5 18. axb5 Qa5 19. Nd5 axb5 20. Qxa5 Rxa5 21. f4 Bb2 22. e5 Bxd5 23. Rxd5 dxe5 24. fxe5 Ra1 25. Rxa1 Bxa1 26. Kh2 Bxe5 27. Rxc5 b4 28. Bf3 h5 29. Kg2 Re7 30. Rb5 Bc3 31. Rb7 Re5 32. Rd7 f5 33. Bd5+ Kf8 34. Bc4 Re7 35. Rxe7 Kxe7 36. Kf3 g5 37. g4 fxg4+ 38. hxg4 h4 39. Kg2 Kf6 40. Kh3 Ke5 41. Bd3 1/2-1/2

[Event "Titled Tuesday intern op 22 Mar Early"]
[Site "Chess.com INT"]
[Date "2022.03.22"]
[Round "4"]
[White "Selbes, Tarik"]
[Black "Daneshvar, Bardiya"]
[Result "0-1"]
[WhiteElo "2287"]
[BlackElo "2411"]
[PlyCount "36"]
[EventDate "2022.03.22"]
[EventType "swiss (blitz)"]
[EventRounds "11"]
[EventCountry "USA"]
[SourceTitle "CBM 207 Extra"]
[Source "ChessBase"]
[SourceDate "2022.05.31"]
[SourceVersion "1"]
[SourceVersionDate "2022.05.31"]
[SourceQuality "1"]

1. Nf3 g6 2. g3 Bg7 3. Bg2 e5 4. d3 d5 5. 0-0 Ne7 6. Nbd2 0-0 7. Qe1 Nbc6 8. e4 h6 9. c3 f5 10. Qe2 dxe4 11. dxe4 f4 12. gxf4 exf4 13. e5 g5 14. Qc4+ Kh8 15. Ne4 g4 16. Nh4 Nxe5 17. Qb3 f3 18. Bh1 N7c6 0-1